000 00899cam a2200277 i 4500
001 3335
003 BD-RjUL
005 20211208233719.0
008 131218s1979 nyua b 001 0 eng
020 _a0841904812
035 _a(BD-RjUL)3369
040 _aDLC
_cDLC
_dDLC
_dBD-RjUL
_beng
041 _aeng
082 0 0 _a331.89
_bFOA 1979
100 1 _aFoley, Bernard J.
_910493
245 1 0 _aAccounting information disclosure and collective bargaining /
_cB. J. Foley and K. T. Maunders.
260 _aNew York :
_bHolmes & Meier Publishers,
_c1979.
300 _ax, 210 p. :
_bill. ;
_c22 cm.
504 _aIncludes bibliographies and index.
650 0 _aCollective bargaining
_zGreat Britain.
_98513
650 0 _aDisclosure in accounting
_zGreat Britain.
_910494
700 1 _aMaunders, K. T.,
_ejoint author.
_910495
942 _2ddc
_cBK
999 _c3335
_d3335